Statistics for U.S. States as U.S. Baby Names

Click here to take the quiz!

General Stats

  • This quiz has been taken 151 times
  • The average score is 2 of 5

Answer Stats

# births State % Correct
1305Georgia
77%
2330Dakota
50%
715Carolina
46%
608Virginia
45%
289*Montana
25%

Score Distribution

Percentile by Number Answered

Percent of People with Each Score

Your Score History

You have not taken this quiz